000 00783cam a2200241 4500500
005 20260405000503.0
041 _afre
042 _adc
100 1 0 _aViveret, Patrick
_eauthor
700 1 0 _aComte-Sponville, André
_eauthor
700 1 0 _aBruckner, Pascal
_eauthor
700 1 0 _aJeancourt-Galignani, Oriane
_eauthor
245 0 0 _aViveret, Comte-Sponville, Bruckner. Être ou avoir
260 _c2007.
500 _a95
690 _aAndré Comte-Sponville
690 _aCapitalisme
690 _aConsumérisme
690 _aPascal Bruckner
690 _aPatrick Viveret
786 0 _nPhilosophie magazine | 14 | 11 | 2007-11-01 | p. 19-20 | 1951-1787
856 4 1 _uhttps://shs.cairn.info/magazine-philosophie-magazine-2007-11-page-19?lang=fr&redirect-ssocas=7080
999 _c2037637
_d2037637